[Event "Spandau Christmas op 6th"]
[Site "Spandau"]
[Date "2023.12.27"]
[Round "2"]
[White "Goluch, Piotr"]
[Black "Bandlow, Matthias"]
[Result "1-0"]
[WhiteElo "2312"]
[BlackElo "1961"]
[PlyCount "47"]
[EventDate "2023.12.27"]
[EventType "swiss"]
[EventRounds "7"]
[EventCountry "GER"]
[SourceTitle "CB01_2024"]
[SourceDate "2024.01.03"]
[SourceVersion "1"]
[SourceVersionDate "2024.01.03"]
[SourceQuality "1"]

1. e4 c5 2. Nf3 d6 3. d4 cxd4 4. Nxd4 Nf6 5. Nc3 Nc6 6. Bg5 e6 7. Qd2 Be7 8. 0-0-0 0-0 9. f3 a6 10. h4 Qc7 11. g4 Rd8 12. h5 d5 13. Nxc6 bxc6 14. e5 d4 15. Bxf6 gxf6 16. Ne4 Qxe5 17. Qh6 d3 18. Bxd3 Rxd3 19. Rxd3 Rb8 20. c3 Qb5 21. Rd2 e5 22. Nxf6+ Bxf6 23. Qxf6 Be6 24. h6 1-0

[Event "Benidorm Bali op-A"]
[Site "Benidorm"]
[Date "2023.12.04"]
[Round "5"]
[White "Goluch, Piotr"]
[Black "Kovacs, Zoltan1"]
[Result "1-0"]
[WhiteElo "2312"]
[BlackElo "2064"]
[PlyCount "91"]
[EventDate "2023.12.01"]
[EventType "swiss"]
[EventRounds "9"]
[EventCountry "ESP"]
[SourceTitle "CB50_2023"]
[SourceDate "2023.12.13"]
[SourceVersion "1"]
[SourceVersionDate "2023.12.13"]
[SourceQuality "1"]

1. d4 e6 2. c4 Nf6 3. g3 Bb4+ 4. Nd2 0-0 5. Ngf3 Re8 6. Bg2 Bf8 7. 0-0 d6 8. e4 e5 9. d5 Nbd7 10. Qc2 a5 11. b3 g6 12. Bb2 c6 13. Ne1 Qb6 14. a3 Bh6 15. Bc3 Bxd2 16. Bxd2 Nc5 17. Rb1 Ncxe4 18. Be3 Qd8 19. Rd1 cxd5 20. cxd5 Bf5 21. Bxe4 Bxe4 22. Qc4 Rc8 23. Qb5 Qd7 24. Qxa5 Ra8 25. Qb4 Nxd5 26. Qxe4 Nc3 27. Qd3 Nxd1 28. Qxd1 Rxa3 29. Bg5 Qe6 30. Nc2 Ra5 31. b4 Rd5 32. Qe2 e4 33. h4 Rd3 34. Ne1 Rc3 35. Qb5 d5 36. Qxb7 d4 37. Ng2 Qg4 38. Qd5 Rd3 39. Qc6 Rc8 40. Qb7 Re8 41. Qb5 Rc8 42. Nf4 Rd1 43. Nd5 Rxf1+ 44. Qxf1 Kg7 45. Qa1 e3 46. Bxe3 1-0

[Event "POL-chT 1st League"]
[Site "Leba"]
[Date "2023.09.27"]
[Round "5.4"]
[White "Goluch, Piotr"]
[Black "Starosta, Martyna"]
[Result "1-0"]
[WhiteElo "2314"]
[BlackElo "2180"]
[PlyCount "115"]
[EventDate "2023.09.23"]
[EventType "team-swiss"]
[EventRounds "9"]
[EventCountry "POL"]
[SourceTitle "EXT 2024"]
[Source "ChessBase"]
[SourceDate "2023.10.10"]
[SourceVersion "1"]
[SourceVersionDate "2023.10.10"]
[SourceQuality "1"]
[WhiteTeam "Gorzow Wielkopolski Stilon"]
[BlackTeam "Wroclaw Polonia"]
[WhiteTeamCountry "POL"]
[BlackTeamCountry "POL"]

1. d4 d5 2. c4 dxc4 3. Nf3 Nf6 4. e3 e6 5. Bxc4 c5 6. 0-0 a6 7. dxc5 Bxc5 8. Qxd8+ Kxd8 9. Ne5 Ke7 10. Be2 Nbd7 11. Nd3 Bd6 12. a4 b6 13. Na3 Nc5 14. Nc4 Nxd3 15. Bxd3 Bc5 16. b4 Bxb4 17. Nxb6 Ra7 18. Rb1 Bc5 19. Bd2 Bb7 20. Rfc1 Bxb6 21. Rxb6 Rd8 22. Bb4+ Ke8 23. Rd6 Rxd6 24. Bxd6 Be4 25. Bf1 Kd7 26. Bc5 Ra8 27. Rd1+ Kc7 28. a5 Nd7 29. Bd6+ Kc6 30. Ba3 Kc7 31. Rc1+ Kb7 32. Bd6 Bc6 33. f3 Rc8 34. Bd3 Nf6 35. Be5 Bb5 36. Rb1 Rd8 37. Bxb5 axb5 38. Rxb5+ Ka6 39. Rb2 Rd1+ 40. Kf2 Nd7 41. Bxg7 Kxa5 42. e4 Nc5 43. Kg3 Rd7 44. Bf6 Rd3 45. Kh4 Nd7 46. Bg7 f5 47. exf5 exf5 48. Kg5 Rd5 49. Rd2 Rxd2 50. Bc3+ Kb5 51. Bxd2 Kc4 52. Kxf5 Kd3 53. Bb4 Ke3 54. Ke6 Nb8 55. Bc5+ Ke2 56. f4 Kf1 57. f5 Nc6 58. Bb6 1-0

[Event "POL-chT 1st League"]
[Site "Leba"]
[Date "2023.09.26"]
[Round "4.5"]
[White "Golenia, Jan"]
[Black "Goluch, Piotr"]
[Result "0-1"]
[WhiteElo "2180"]
[BlackElo "2314"]
[PlyCount "84"]
[EventDate "2023.09.23"]
[EventType "team-swiss"]
[EventRounds "9"]
[EventCountry "POL"]
[SourceTitle "EXT 2024"]
[Source "ChessBase"]
[SourceDate "2023.10.10"]
[SourceVersion "1"]
[SourceVersionDate "2023.10.10"]
[SourceQuality "1"]
[WhiteTeam "Wieliczka MKS MOS"]
[BlackTeam "Gorzow Wielkopolski Stilon"]
[WhiteTeamCountry "POL"]
[BlackTeamCountry "POL"]

1. d4 d5 2. c4 e6 3. Nf3 Nf6 4. g3 dxc4 5. Bg2 Bb4+ 6. Bd2 a5 7. Qc2 c5 8. dxc5 Bxc5 9. Na3 Nbd7 10. Nxc4 b5 11. Nce5 Bb7 12. Nxd7 Nxd7 13. 0-0 Qb6 14. Bc3 f6 15. a3 Rc8 16. Qd2 b4 17. axb4 axb4 18. Rad1 Bd5 19. Bd4 0-0 20. Qe3 Bxd4 21. Rxd4 Nb8 22. Qd3 Nc6 23. Rh4 f5 24. Ng5 Bxg2 25. Kxg2 Rfd8 26. Qf3 Nd4 27. Qh5 Qb7+ 28. e4 h6 29. Qg6 hxg5 30. Qxg5 Qf7 31. exf5 exf5 32. Rd1 Ne6 33. Rxd8+ Rxd8 34. Qe3 f4 35. gxf4 Qg6+ 36. Qg3 Qe4+ 37. Qf3 Qxf3+ 38. Kxf3 Rd3+ 39. Ke4 Nc5+ 40. Ke5 Nd7+ 41. Ke6 Nf8+ 42. Kf5 Rb3 0-1

[Event "Paphos op 1st"]
[Site "Paphos"]
[Date "2023.04.09"]
[Round "4"]
[White "Goluch, Piotr"]
[Black "Alexakis, Dimitris"]
[Result "1-0"]
[WhiteElo "2333"]
[BlackElo "2436"]
[PlyCount "79"]
[EventDate "2023.04.07"]
[EventType "swiss"]
[EventRounds "9"]
[EventCountry "CYP"]
[SourceTitle "CBM 213 Extra"]
[Source "ChessBase"]
[SourceDate "2023.05.31"]
[SourceVersion "1"]
[SourceVersionDate "2023.05.31"]
[SourceQuality "1"]

1. d4 Nf6 2. c4 e6 3. Nf3 c5 4. d5 d6 5. Nc3 exd5 6. cxd5 a6 7. a4 g6 8. h3 Qe7 9. Bf4 Bg7 10. e3 0-0 11. Be2 Nbd7 12. 0-0 Rb8 13. Nd2 Ne5 14. a5 Ne8 15. Bh2 Nc7 16. Re1 f5 17. Bf1 Bd7 18. f4 Nf7 19. e4 fxe4 20. Ndxe4 Qd8 21. Qb3 b5 22. axb6 Nb5 23. Rxa6 Nd4 24. Qc4 Bc8 25. Ra7 Rxb6 26. Ng5 Nxg5 27. fxg5 Rxb2 28. Ne4 Nf5 29. Rxg7+ Nxg7 30. Bxd6 Qa5 31. Rd1 Rxf1+ 32. Rxf1 Nf5 33. Qxc5 Qxc5+ 34. Bxc5 Ba6 35. Rf4 Rb1+ 36. Kh2 Rb2 37. d6 Rb8 38. d7 Bb5 39. Nf6+ Kf7 40. Rb4 1-0

[Event "Liberec op 22nd"]
[Site "Liberec"]
[Date "2023.02.27"]
[Round "5"]
[White "Goluch, Piotr"]
[Black "Smietanska, Wiktoria"]
[Result "1-0"]
[WhiteElo "2328"]
[BlackElo "1951"]
[PlyCount "69"]
[EventDate "2023.02.24"]
[EventType "swiss"]
[EventRounds "9"]
[EventCountry "CZE"]
[SourceTitle "CBM 213 Extra"]
[Source "ChessBase"]
[SourceDate "2023.05.31"]
[SourceVersion "1"]
[SourceVersionDate "2023.05.31"]
[SourceQuality "1"]

1. d4 d5 2. c4 c6 3. Nf3 Nf6 4. e3 e6 5. b3 Ne4 6. Bd3 Bb4+ 7. Nbd2 Nd7 8. 0-0 f5 9. Qc2 0-0 10. Nb1 Qe7 11. Ne5 Bd6 12. Bb2 Qg5 13. Qc1 Nxe5 14. dxe5 Be7 15. f4 Qg6 16. Ba3 Qf7 17. Bxe4 fxe4 18. Bxe7 Qxe7 19. Nc3 b6 20. Ne2 Ba6 21. Nd4 c5 22. Qa3 Bb7 23. Nb5 Bc6 24. Nd6 g5 25. cxd5 exd5 26. b4 c4 27. Qc3 gxf4 28. exf4 b5 29. f5 a5 30. f6 Qa7+ 31. Kh1 e3 32. Qe1 d4 33. e6 Kh8 34. e7 Rfb8 35. Qg3 1-0

[Event "Lorca Christmas op"]
[Site "Lorca"]
[Date "2022.12.30"]
[Round "8"]
[White "Goluch, Piotr"]
[Black "Sai Agni, Jeevitesh J"]
[Result "0-1"]
[WhiteElo "2336"]
[BlackElo "2226"]
[PlyCount "46"]
[EventDate "2022.12.26"]
[EventType "swiss"]
[EventRounds "9"]
[EventCountry "ESP"]
[SourceTitle "CBM 211 Extra"]
[Source "ChessBase"]
[SourceDate "2023.01.31"]
[SourceVersion "1"]
[SourceVersionDate "2023.01.31"]
[SourceQuality "1"]

1. e4 e5 2. Bc4 Nf6 3. d3 c6 4. Nf3 d5 5. Bb3 a5 6. a4 Bb4+ 7. c3 Bd6 8. exd5 cxd5 9. Na3 Nc6 10. Nb5 Bb8 11. Bg5 Be6 12. Bh4 h6 13. h3 g5 14. Bg3 Nh5 15. Nfd4 Nxd4 16. cxd4 Nxg3 17. fxg3 Qf6 18. Rf1 Qe7 19. Kf2 exd4 20. Qf3 g4 21. Qe2 gxh3 22. gxh3 Rg8 23. Rg1 Rg5 0-1

[Event "Lorca Christmas op"]
[Site "Lorca"]
[Date "2022.12.29"]
[Round "7"]
[White "Nikanova, Ekaterina"]
[Black "Goluch, Piotr"]
[Result "0-1"]
[WhiteElo "2067"]
[BlackElo "2336"]
[PlyCount "128"]
[EventDate "2022.12.26"]
[EventType "swiss"]
[EventRounds "9"]
[EventCountry "ESP"]
[SourceTitle "CBM 211 Extra"]
[Source "ChessBase"]
[SourceDate "2023.01.31"]
[SourceVersion "1"]
[SourceVersionDate "2023.01.31"]
[SourceQuality "1"]

1. e4 c5 2. Nf3 d6 3. d4 cxd4 4. Nxd4 Nf6 5. Nc3 a6 6. Be3 e5 7. Nb3 Be6 8. h3 Nc6 9. g4 d5 10. exd5 Nxd5 11. Nxd5 Bxd5 12. Rg1 Be7 13. c3 0-0 14. Bg2 Bxg2 15. Qxd8 Rfxd8 16. Rxg2 f6 17. Rg1 Kf7 18. Ke2 g6 19. Bb6 Rd5 20. Rgd1 Rb5 21. Be3 a5 22. Kd3 Rc8 23. a4 Rxb3 24. Kc2 Nd4+ 25. Bxd4 Rb4 26. Be3 Ke6 27. b3 f5 28. f3 f4 29. Bf2 e4 30. Bd4 Bc5 31. Bxc5 Rxc5 32. Kb2 Rb6 33. Rd4 Re5 34. fxe4 Rc5 35. Rf1 Ke5 36. Rd7 h6 37. Rf7 Rc4 38. R7xf4 Rxa4 39. Rf8 Rxe4 40. Re8+ Re6 41. Rxe6+ Kxe6 42. Rf3 Re2+ 43. Ka3 b5 44. c4 bxc4 45. bxc4 Rc2 46. Kb3 Rc1 47. Re3+ Kd6 48. Rd3+ Kc6 49. Rf3 Kc5 50. Rf6 Rb1+ 51. Kc3 Rb6 52. Rf8 Ra6 53. Rc8+ Kd6 54. Kd4 a4 55. c5+ Kd7 56. Rb8 a3 57. Rb1 a2 58. Ra1 Kc6 59. Kc4 g5 60. Kb4 Ra7 61. Kc4 Ra5 62. Kb4 Rb5+ 63. Ka3 Rxc5 64. Rxa2 Ra5+ 0-1

[Event "Suwalki Warakomska Memorial 6th"]
[Site "Suwalki"]
[Date "2022.08.08"]
[Round "7"]
[White "Goluch, Piotr"]
[Black "Stocek, Jiri"]
[Result "0-1"]
[WhiteElo "2348"]
[BlackElo "2548"]
[PlyCount "164"]
[EventDate "2022.08.03"]
[EventType "swiss"]
[EventRounds "9"]
[EventCountry "POL"]
[SourceTitle "CBM 209 Extra"]
[Source "ChessBase"]
[SourceDate "2022.09.30"]
[SourceVersion "1"]
[SourceVersionDate "2022.09.30"]
[SourceQuality "1"]

1. d4 Nf6 2. c4 e6 3. Nc3 Bb4 4. Qc2 d6 5. e4 c5 6. a3 Bxc3+ 7. bxc3 Nbd7 8. Nf3 Qc7 9. Bd3 b6 10. 0-0 0-0 11. Bg5 h6 12. Be3 Bb7 13. Rae1 cxd4 14. cxd4 Rac8 15. Rc1 Rfe8 16. h3 e5 17. d5 Nc5 18. Nd2 Nh5 19. Rfe1 Qe7 20. Bf1 Rc7 21. Qd1 Nf6 22. Qf3 Bc8 23. Rb1 Bd7 24. Rb4 Rf8 25. Ra1 Rb8 26. Kh2 Kh8 27. g3 Nh7 28. Qh1 f5 29. exf5 Bxf5 30. Bg2 Nf6 31. Qd1 Qe8 32. Qf3 Bg6 33. Qd1 Qe7 34. Rb5 Nb7 35. Rb4 Rf8 36. a4 Qe8 37. Kg1 Bd3 38. Ra3 Qg6 39. Bf1 Bf5 40. Rb2 Rcf7 41. Nf3 Qh5 42. Qe2 Kg8 43. Ne1 Qg6 44. Nf3 Ne4 45. Bc1 Qf6 46. Nh2 Qd8 47. Bg2 Nbc5 48. Be3 Qc8 49. g4 Bd7 50. Qe1 Nf6 51. a5 bxa5 52. Qxa5 Nfe4 53. Qe1 a6 54. Qb1 Nf6 55. Nf1 h5 56. g5 Bf5 57. Qd1 Nfe4 58. Nh2 g6 59. h4 Rb7 60. Rxb7 Qxb7 61. f3 Qb4 62. Qc1 Ng3 63. Kf2 Nd3+ 64. Rxd3 Bxd3 65. Kxg3 Bxc4 66. Bf1 Bxd5 67. Bxa6 Bf7 68. Bd3 Ra8 69. Qb1 Qxb1 70. Bxb1 Ra1 71. Bc2 d5 72. Bf2 Ra2 73. Bb3 Rb2 74. Ba4 d4 75. Nf1 Bc4 76. Kg2 Kf7 77. Ng3 Ra2 78. Bc6 d3 79. Ne4 d2 80. Nc3 Ra3 81. Nd1 Ra1 82. Ne3 Bb3 0-1

[Event "Suwalki Warakomska Memorial 6th"]
[Site "Suwalki"]
[Date "2022.08.05"]
[Round "3"]
[White "Goluch, Piotr"]
[Black "Budrewicz, Krzysztof"]
[Result "1-0"]
[WhiteElo "2348"]
[BlackElo "2191"]
[PlyCount "49"]
[EventDate "2022.08.03"]
[EventType "swiss"]
[EventRounds "9"]
[EventCountry "POL"]
[SourceTitle "CBM 209 Extra"]
[Source "ChessBase"]
[SourceDate "2022.09.30"]
[SourceVersion "1"]
[SourceVersionDate "2022.09.30"]
[SourceQuality "1"]

1. d4 Nf6 2. c4 g6 3. Nc3 Bg7 4. Nf3 0-0 5. g3 d6 6. Bg2 Nc6 7. 0-0 e5 8. dxe5 Nxe5 9. Nxe5 dxe5 10. Qxd8 Rxd8 11. Bg5 Rd6 12. c5 Re6 13. Rfd1 h6 14. Rd8+ Kh7 15. Nb5 hxg5 16. Nxc7 Rb8 17. Nxe6 fxe6 18. Rad1 Nd5 19. Bh3 Nc7 20. b4 Kh6 21. Rg8 Bf6 22. Bg2 Kh7 23. Rxc8 Rxc8 24. Rd7+ Kg8 25. Bxb7 1-0

[Event "POL-chT 1st League"]
[Site "Szklarska Poreba"]
[Date "2021.09.06"]
[Round "3.8"]
[White "Paszewski, Mateusz"]
[Black "Goluch, Piotr"]
[Result "1/2-1/2"]
[WhiteElo "2282"]
[BlackElo "2318"]
[PlyCount "45"]
[EventDate "2021.09.04"]
[EventType "team-swiss"]
[EventRounds "9"]
[EventCountry "POL"]
[SourceTitle "CBM 204 Extra"]
[Source "ChessBase"]
[SourceDate "2021.11.30"]
[SourceVersion "1"]
[SourceVersionDate "2021.11.30"]
[SourceQuality "1"]
[WhiteTeam "Czestochowa Hetman"]
[BlackTeam "Bogatynia UKS SP3"]
[WhiteTeamCountry "POL"]
[BlackTeamCountry "POL"]

1. c4 e5 2. g3 Nf6 3. Bg2 d5 4. cxd5 Nxd5 5. Nc3 Nb6 6. Nf3 Nc6 7. 0-0 Be7 8. a3 0-0 9. b4 Be6 10. b5 Nd4 11. Rb1 f6 12. e3 Nxf3+ 13. Bxf3 Rb8 14. d4 exd4 15. exd4 Qd7 16. Re1 Bf7 17. a4 c6 18. a5 Nd5 19. Nxd5 Bxd5 20. Bxd5+ cxd5 21. Qb3 Rbc8 22. b6 a6 23. Bf4 1/2-1/2

[Event "Suwalki Warakomska Memorial 5th"]
[Site "Suwalki"]
[Date "2021.08.03"]
[Round "9"]
[White "Goluch, Piotr"]
[Black "Rudzinska, Michalina"]
[Result "1-0"]
[WhiteElo "2333"]
[BlackElo "2238"]
[PlyCount "125"]
[EventDate "2021.07.27"]
[EventType "swiss"]
[EventRounds "9"]
[EventCountry "POL"]
[SourceTitle "EXT 2022"]
[Source "ChessBase"]
[SourceDate "2021.10.06"]
[SourceVersion "1"]
[SourceVersionDate "2021.10.06"]
[SourceQuality "1"]

1. d4 Nf6 2. c4 e6 3. g3 Bb4+ 4. Nd2 c5 5. a3 Bxd2+ 6. Qxd2 cxd4 7. Nf3 0-0 8. Nxd4 d5 9. Bg2 e5 10. Nc2 d4 11. Nb4 e4 12. 0-0 Qd6 13. Rd1 Rd8 14. Qf4 Qxf4 15. Bxf4 Be6 16. Be5 Nbd7 17. Bxd4 Bxc4 18. Kf1 Re8 19. Rdc1 b5 20. a4 a6 21. axb5 axb5 22. h3 h6 23. Ke1 Rxa1 24. Rxa1 Nd5 25. Nxd5 Bxd5 26. Ra5 Bc4 27. Kd2 Nb8 28. Bc5 f5 29. Ke3 Nc6 30. Ra6 Ne5 31. Bd4 Nf3 32. Bc5 Ne1 33. Bh1 Re5 34. b4 Rd5 35. g4 Rd1 36. Kf4 Nc2 37. Kxf5 Rxh1 38. Ra7 Ra1 39. Rd7 Ra6 40. Bd6 Kh7 41. Kxe4 Be6 42. Rd8 Na3 43. f4 Bb3 44. f5 Nc4 45. Bc5 Ra2 46. e3 Rf2 47. Rb8 Nd2+ 48. Kd4 Bc4 49. Rb7 Nb3+ 50. Ke5 Nxc5 51. bxc5 Bf1 52. c6 Rc2 53. c7 Bg2 54. e4 Rc4 55. Kd6 Bxe4 56. Rxb5 Rc3 57. Rb8 Bg2 58. c8Q Rxc8 59. Rxc8 Bxh3 60. Rc7 Kg8 61. Rxg7+ Kh8 62. Ke7 h5 63. f6 1-0

[Event "Suwalki Warakomska Memorial 5th"]
[Site "Suwalki"]
[Date "2021.08.02"]
[Round "8"]
[White "Rozentalis, Eduardas"]
[Black "Goluch, Piotr"]
[Result "1-0"]
[WhiteElo "2520"]
[BlackElo "2333"]
[PlyCount "89"]
[EventDate "2021.07.27"]
[EventType "swiss"]
[EventRounds "9"]
[EventCountry "POL"]
[SourceTitle "EXT 2022"]
[Source "ChessBase"]
[SourceDate "2021.10.06"]
[SourceVersion "1"]
[SourceVersionDate "2021.10.06"]
[SourceQuality "1"]

1. e4 c6 2. d3 d5 3. Nd2 Qb6 4. g3 Nf6 5. Bg2 Bg4 6. Ngf3 e6 7. Qe2 Be7 8. 0-0 0-0 9. h3 Bxf3 10. Nxf3 a5 11. e5 Nfd7 12. h4 c5 13. c4 dxc4 14. dxc4 Nc6 15. Qe4 Rfd8 16. h5 h6 17. Re1 Nf8 18. Bd2 Rd7 19. Bc3 Rad8 20. Bf1 Nh7 21. Be2 Nb4 22. a3 Nc6 23. Rad1 Nd4 24. Bxd4 cxd4 25. Bd3 Nf8 26. Rd2 Qc6 27. Red1 f5 28. exf6 Qxe4 29. Bxe4 Bxf6 30. b4 axb4 31. axb4 Ra8 32. c5 Rad8 33. Ra1 Kf7 34. Ra7 Rb8 35. Kf1 e5 36. Ke2 Ne6 37. c6 Re7 38. Rxb7 Ra8 39. Rc2 Ke8 40. b5 Rc8 41. b6 d3+ 42. Bxd3 e4 43. Rxe7+ Bxe7 44. Bxe4 Nc5 45. Bg6+ 1-0

[Event "Suwalki Warakomska Memorial 5th"]
[Site "Suwalki"]
[Date "2021.08.01"]
[Round "7"]
[White "Goluch, Piotr"]
[Black "Pultinevicius, Paulius"]
[Result "0-1"]
[WhiteElo "2333"]
[BlackElo "2492"]
[PlyCount "104"]
[EventDate "2021.07.27"]
[EventType "swiss"]
[EventRounds "9"]
[EventCountry "POL"]
[SourceTitle "CBM 203 Extra"]
[Source "ChessBase"]
[SourceDate "2021.09.30"]
[SourceVersion "1"]
[SourceVersionDate "2021.09.30"]
[SourceQuality "1"]

1. e4 c6 2. d4 d5 3. e5 Bf5 4. Nf3 e6 5. Be2 Nd7 6. 0-0 a6 7. Be3 c5 8. c4 dxc4 9. Bxc4 Rc8 10. Be2 Ne7 11. Nc3 Nc6 12. d5 exd5 13. Nxd5 Nb6 14. Nxb6 Qxb6 15. Qc1 Be7 16. Qc3 0-0 17. Rfd1 Nb4 18. Ne1 Rfd8 19. Qb3 Qg6 20. Bc4 b5 21. Bf1 c4 22. Rxd8+ Rxd8 23. Qc3 Nd5 24. Qd4 h6 25. a4 Qc6 26. axb5 axb5 27. Qa7 Rd7 28. Qb8+ Kh7 29. Bd4 Rb7 30. Qa8 Nc7 31. Qa5 Ne6 32. Be3 Bc5 33. Qc3 Rd7 34. b3 Bxe3 35. fxe3 Qc5 36. bxc4 b4 37. Qb3 Qxe5 38. Ra4 Nc5 39. Ra5 Qe7 40. Qxb4 Qxe3+ 41. Kh1 Ne4 42. Rxf5 Rd1 43. g3 Rxe1 44. Qb7 Nd6 45. Qd5 Nxf5 46. Qxf5+ Kg8 47. Qc8+ Qe8 48. Qxe8+ Rxe8 49. Kg2 Re3 50. Kf2 Rc3 51. Be2 Kf8 52. Ke1 Ke7 0-1